[Event "Interclubs Féminins"]
[Site "Bennwihr"]
[Date "2011.02.12"]
[Round "3.4"]
[White "Klipper, Rebecca"]
[Black "Fischer, Julie"]
[Result "0-1"]
[WhiteElo "1978"]
[BlackElo "1788"]
[PlyCount "160"]
[EventDate "2011.02.12"]
[WhiteTeam "Vandoeuvre"]
[BlackTeam "Bischwiller"]

1. d4 Nf6 2. Nf3 g6 3. Bf4 Bg7 4. e3 O-O 5. Be2 d6 6. O-O c5 7. c3 b6 8. h3 Ba6
9. Bxa6 Nxa6 10. Qe2 Nc7 11. Nbd2 Ncd5 12. Bh2 Nd7 13. a4 a6 14. e4 Nc7 15. e5
d5 16. b4 c4 17. Rfe1 e6 18. Bf4 b5 19. a5 h6 20. Qe3 Kh7 21. g4 Rg8 22. Kg2
Qe7 23. h4 Bf8 24. Rh1 Ra7 25. Ng5+ Kg7 26. Rh2 Rh8 27. Rah1 Kg8 28. Ngf3 Bg7
29. h5 g5 30. Nxg5 hxg5 31. Bxg5 f6 32. exf6 Bxf6 33. Bxf6 Nxf6 34. f3 Ra8 35.
g5 Nh7 36. f4 Rf8 37. Nf3 Nf6 38. gxf6 Qxf6 39. Rh4 Qf5 40. Ne5 Rh7 41. Kf3 Rf6
42. Rg1+ Kf8 43. Nd7+ Rxd7 44. h6 Rh7 45. Rgh1 Ne8 46. Rh5 Qc2 47. R5h2 Qg6 48.
Rg2 Qf5 49. Rgh2 Nd6 50. Qe5 Qe4+ 51. Kg3 Rg6+ 52. Kf2 Qxe5 53. fxe5 Ne4+ 54.
Ke3 Rg3+ 55. Ke2 Nxc3+ 56. Kd2 Ne4+ 57. Kc2 Re3 58. Kb2 Rb3+ 59. Kc2 Rxb4 60.
Rf1+ Ke7 61. Rg1 Ra4 62. Kb2 c3+ 63. Kb3 Rxd4 64. Rhg2 Nc5+ 65. Kxc3 Rc4+ 66.
Kd2 Ne4+ 67. Kd1 Rc8 68. Rg7+ Rxg7 69. Rxg7+ Kf8 70. Ra7 Kg8 71. Rxa6 Ng5 72.
Rb6 Kh7 73. Rxb5 Kxh6 74. a6 Ra8 75. Rb6 Kg6 76. Ke2 Kf5 77. Kd3 Kxe5 78. Ke3
Ne4 79. Ke2 Nc5 80. Rb5 Nxa6 0-1

[Event "Interclubs Féminins"]
[Site "Bennwihr"]
[Date "2011.02.12"]
[Round "3.1"]
[White "Milliet, Sophie"]
[Black "Kientzler-Guerlain, Isabelle"]
[Result "1-0"]
[WhiteElo "2375"]
[BlackElo "2030"]
[PlyCount "49"]
[EventDate "2011.02.12"]
[WhiteTeam "Evry Grand Roque"]
[BlackTeam "Bennwihr"]

1. e4 c5 2. Nf3 d6 3. d4 cxd4 4. Nxd4 Nf6 5. Nc3 a6 6. Bg5 e6 7. f4 Be7 8. Qf3
Nbd7 9. O-O-O Qc7 10. g4 b5 11. Bxf6 Nxf6 12. g5 Nd7 13. f5 Ne5 14. Qg3 b4 15.
Nce2 Nc6 16. fxe6 fxe6 17. Bh3 Nxd4 18. Nxd4 e5 19. Ne6 Bxe6 20. Bxe6 Rf8 21.
h4 Bd8 22. Rhf1 Qe7 23. Qb3 Bb6 24. Qa4+ Kd8 25. Rxf8+ 1-0

[Event "Interclubs Féminins"]
[Site "Bennwihr"]
[Date "2011.02.12"]
[Round "3.2"]
[White "Hild, Aurelia"]
[Black "Guichard, Pauline"]
[Result "0-1"]
[WhiteElo "1590"]
[BlackElo "2292"]
[PlyCount "40"]
[EventDate "2011.02.12"]
[WhiteTeam "Bennwihr"]
[BlackTeam "Evry Grand Roque"]

1. e4 c5 2. Nc3 e6 3. g3 d5 4. d3 Nf6 5. Bg2 dxe4 6. Nxe4 Be7 7. Be3 Nbd7 8.
Nxf6+ Bxf6 9. c3 O-O 10. Nf3 Rb8 11. O-O b5 12. Qc2 Qc7 13. Rfe1 Bb7 14. Re2
Rfd8 15. Rd1 Bd5 16. a3 Qc6 17. Bf4 e5 18. Nxe5 Nxe5 19. Bxd5 Qxd5 20. Rde1
Nf3+ 0-1

[Event "Interclubs Féminins"]
[Site "Bennwihr"]
[Date "2011.02.12"]
[Round "3.3"]
[White "Roumegous, Marina"]
[Black "Mirete, Rita"]
[Result "1-0"]
[WhiteElo "2146"]
[BlackElo "1550"]
[PlyCount "79"]
[EventDate "2011.02.12"]
[WhiteTeam "Evry Grand Roque"]
[BlackTeam "Bennwihr"]

1. d4 d5 2. Nf3 e6 3. c4 Nf6 4. Nc3 Be7 5. Bg5 Nbd7 6. e3 a6 7. cxd5 exd5 8.
Bd3 b6 9. O-O Bb7 10. Rc1 Rc8 11. Qe2 a5 12. Nb5 O-O 13. Na7 Ra8 14. Nc6 Bxc6
15. Rxc6 Nb8 16. Rcc1 c5 17. dxc5 Bxc5 18. Rfd1 Qd6 19. Qc2 Nbd7 20. Bf4 Qe7
21. Bb5 Rfc8 22. Qa4 Rd8 23. Bc6 Ra7 24. Bxd5 Nxd5 25. Rxd5 Nf6 26. Rxd8+ Qxd8
27. Be5 Ra8 28. Rd1 Qe7 29. Bd4 Bxd4 30. Qxd4 Qc7 31. h3 h6 32. e4 Re8 33. e5
Nh7 34. h4 f6 35. Qd5+ Qf7 36. Qb5 Rb8 37. b3 fxe5 38. Nxe5 Qf4 39. Qd5+ Kf8
40. Ng6+ 1-0

[Event "Interclubs Féminins"]
[Site "Bennwihr"]
[Date "2011.02.12"]
[Round "3.4"]
[White "Bogen, Fanny"]
[Black "Huisman, Chloe"]
[Result "1-0"]
[WhiteElo "1497"]
[BlackElo "1992"]
[PlyCount "111"]
[EventDate "2011.02.12"]
[WhiteTeam "Bennwihr"]
[BlackTeam "Evry Grand Roque"]

1. e4 d5 2. exd5 Nf6 3. Bb5+ Bd7 4. Nc3 Nxd5 5. Qf3 Nxc3 6. Bxd7+ Qxd7 7. dxc3
Nc6 8. Ne2 O-O-O 9. O-O e6 10. Be3 Ne5 11. Qe4 Qd5 12. Qa4 a6 13. b4 Qc4 14.
Ng3 Ng4 15. Rad1 Nxe3 16. Rxd8+ Kxd8 17. fxe3 f6 18. Rd1+ Bd6 19. Qa5 Ke7 20.
Rd3 Bxg3 21. hxg3 g6 22. Qa3 Kf7 23. Rd7+ Ke8 24. Rg7 Kf8 25. Rd7 Ke8 26. Rd4
Qc6 27. c4 Rf8 28. Qd3 Kf7 29. b5 axb5 30. cxb5 Qc5 31. Rc4 Qe7 32. Qc3 Rc8 33.
a4 e5 34. a5 Qd6 35. a6 bxa6 36. bxa6 Qxa6 37. Rxc7+ Rxc7 38. Qxc7+ Kg8 39.
Qd8+ Kg7 40. Qd7+ Kg8 41. Qd5+ Kg7 42. c4 Qa1+ 43. Kh2 Qc3 44. Qc5 Kh6 45. Kh3
Qe1 46. Kh2 Qc3 47. Qf8+ Kg5 48. Qg8 Qxe3 49. Qxh7 Kf5 50. Qd7+ Kg5 51. Qd5 Qd4
52. Qb5 Qd3 53. Qb4 e4 54. c5 Kg4 55. Qe1 f5 56. Qf2 1-0

[Event "Interclubs Féminins"]
[Site "Bennwihr"]
[Date "2011.02.12"]
[Round "3.1"]
[White "Nicoara, Malina"]
[Black "Cosma, Elena-Luminita"]
[Result "0-1"]
[WhiteElo "2118"]
[BlackElo "2342"]
[PlyCount "80"]
[EventDate "2011.02.12"]
[WhiteTeam "Strasbourg"]
[BlackTeam "Tours de Haute Picardie"]

1. d4 d5 2. c4 c6 3. Nf3 e6 4. e3 Nf6 5. Bd3 dxc4 6. Bxc4 Nbd7 7. O-O b5 8. Bd3
Bb7 9. e4 a6 10. a4 Be7 11. e5 Nd5 12. Nc3 Nxc3 13. bxc3 Nb6 14. axb5 cxb5 15.
Qe2 Rc8 16. Bd2 Qd5 17. Rfd1 h6 18. Ne1 g6 19. Qg4 h5 20. Qe2 Nc4 21. f3 Qd7
22. Bc1 h4 23. Be4 h3 24. g3 Nb6 25. Qd3 Na4 26. Rxa4 bxa4 27. Bb2 Bxe4 28.
Qxe4 a3 29. Ba1 Qc6 30. Qe2 Qc4 31. Qd2 Qc6 32. Qe2 Kf8 33. Nd3 Kg7 34. Nf2 Qc4
35. Qe3 Rcd8 36. Ne4 Qa2 37. Nf2 Rb8 38. Qd3 Rb5 39. c4 Rb3 40. Qe4 Rhb8 0-1

[Event "Interclubs Féminins"]
[Site "Bennwihr"]
[Date "2011.02.12"]
[Round "3.2"]
[White "Wolfangel, Florence"]
[Black "Boyard, Marie"]
[Result "0-1"]
[WhiteElo "1919"]
[BlackElo "1979"]
[PlyCount "82"]
[EventDate "2011.02.12"]
[WhiteTeam "Tours de Haute Picardie"]
[BlackTeam "Strasbourg"]

1. d4 d6 2. c4 f5 3. Nc3 g6 4. e3 Bg7 5. Bd3 Nf6 6. Nf3 O-O 7. O-O c6 8. e4
fxe4 9. Nxe4 Bg4 10. Nxf6+ Rxf6 11. Be2 Nd7 12. Ng5 Bxe2 13. Qxe2 e5 14. dxe5
Nxe5 15. f4 Nd7 16. Bd2 h6 17. Ne6 Qb6+ 18. c5 Nxc5 19. Nxg7 Kxg7 20. Qe7+ Kg8
21. Bc3 Rf7 22. Qe3 Na4 23. Qxb6 axb6 24. Bb4 c5 25. Bc3 Nxc3 26. bxc3 Ra3 27.
Rab1 Rxc3 28. Rxb6 d5 29. Rxg6+ Kh7 30. Rb6 d4 31. Rfb1 Rc2 32. a4 d3 33. R6b2
Rxb2 34. Rxb2 c4 35. Kf2 Rxf4+ 36. Ke3 Rf7 37. Kd4 Rd7+ 38. Kc3 Kg6 39. Rd2 Kf5
40. Kxc4 Ke4 41. a5 Ke3 0-1

[Event "Interclubs Féminins"]
[Site "Bennwihr"]
[Date "2011.02.12"]
[Round "3.3"]
[White "Roos, Louise"]
[Black "Pierret, Aralia"]
[Result "1-0"]
[WhiteElo "1872"]
[BlackElo "1760"]
[PlyCount "121"]
[EventDate "2011.02.12"]
[WhiteTeam "Strasbourg"]
[BlackTeam "Tours de Haute Picardie"]

1. e4 e5 2. Nf3 Nc6 3. Bb5 a6 4. Ba4 b5 5. Bb3 Be7 6. c3 Nf6 7. d3 O-O 8. O-O
Bb7 9. Nbd2 d6 10. Re1 Qd7 11. Nf1 Na5 12. Bc2 Rfe8 13. Ng3 h6 14. Nf5 Bf8 15.
N3h4 d5 16. Qf3 dxe4 17. dxe4 Qe6 18. Qg3 Kh8 19. Qe3 Rad8 20. Ng3 Ng4 21. Qe2
Bc5 22. Rf1 Nf6 23. b4 Bxb4 24. cxb4 Nc6 25. Bb3 Qe7 26. Ngf5 Qf8 27. a3 Nd4
28. Qe3 Nxb3 29. Qxb3 Nxe4 30. Ng3 Nf6 31. Be3 Bd5 32. Qc2 Qe7 33. Bc5 Qe6 34.
Qc3 Ne4 35. Nxe4 Bxe4 36. Rfd1 Qg4 37. Nf3 h5 38. h3 Qg6 39. Ne1 Qf6 40. Qg3
Bb7 41. Be3 Qc6 42. Rxd8 Rxd8 43. Qg5 Qd5 44. Qxh5+ Kg8 45. Qf3 Qxf3 46. Nxf3
Bxf3 47. gxf3 Rd3 48. Kg2 Kf8 49. Bc5+ Ke8 50. a4 Kd7 51. axb5 axb5 52. Ra8 g6
53. Rf8 Ke6 54. Rb8 c6 55. Re8+ Kd5 56. Rd8+ Kc4 57. Rxd3 Kxd3 58. Kg3 e4 59.
f4 Kc4 60. Kg4 Kd5 61. f5 1-0

[Event "Interclubs Féminins"]
[Site "Bennwihr"]
[Date "2011.02.12"]
[Round "3.4"]
[White "Vinckier, Delphine"]
[Black "Busch, Annette"]
[Result "1-0"]
[WhiteElo "1830"]
[BlackElo "1699"]
[PlyCount "37"]
[EventDate "2011.02.12"]
[WhiteTeam "Tours de Haute Picardie"]
[BlackTeam "Strasbourg"]

1. e4 c5 2. Nf3 e6 3. c3 d5 4. exd5 exd5 5. Bb5+ Bd7 6. Bxd7+ Nxd7 7. O-O Ngf6
8. Re1+ Be7 9. Qe2 a6 10. d4 Ne4 11. Nfd2 Nef6 12. Nf1 cxd4 13. cxd4 Nf8 14.
Ng3 Ne6 15. Nf5 O-O 16. Qf3 Re8 17. Nc3 Rc8 18. Qg3 Bf8 19. Nh6+ 1-0

[Event "Interclubs Féminins"]
[Site "Bennwihr"]
[Date "2011.02.13"]
[Round "4.2"]
[White "Vinckier, Delphine"]
[Black "Congiu, Mathilde"]
[Result "0-1"]
[WhiteElo "1830"]
[BlackElo "2242"]
[PlyCount "94"]
[EventDate "2011.??.??"]
[WhiteTeam "Tours de Haute Picardie"]
[BlackTeam "Vandoeuvre"]

1. e4 d5 2. exd5 Qxd5 3. Nc3 Qa5 4. d4 Nf6 5. Nf3 c6 6. Bd2 Bf5 7. Bc4 e6 8.
O-O Bb4 9. a3 Bxc3 10. Bxc3 Qc7 11. Re1 O-O 12. Bd2 Nbd7 13. Bf1 a5 14. g3 Rfd8
15. Bg2 Bg4 16. Qc1 Qb6 17. Be3 Qb5 18. h3 Bh5 19. c4 Qa6 20. Nd2 a4 21. Qc3
Rac8 22. b3 b5 23. bxa4 Qxa4 24. Reb1 Nb6 25. Rb4 Qa6 26. Qb2 Nxc4 27. Nxc4
bxc4 28. Rb6 c3 29. Qb3 Qa5 30. Qb4 Qxb4 31. Rxb4 c2 32. Rb2 Bg6 33. Kh2 Nd5
34. Bxd5 cxd5 35. a4 e5 36. Rc1 exd4 37. Bxd4 Rc4 38. Bb6 Ra8 39. a5 d4 40. Rb5
Be4 41. Re5 d3 42. Be3 f6 43. Rb5 Ra4 44. Bd2 Bf3 45. Rb3 Be2 46. Kg2 Kf7 47.
Rb6 R8xa5 0-1

[Event "Interclubs Féminins"]
[Site "Bennwihr"]
[Date "2011.02.13"]
[Round "4.3"]
[White "Steil-Antoni, Fiona"]
[Black "Wolfangel, Florence"]
[Result "1-0"]
[WhiteElo "2118"]
[BlackElo "1919"]
[PlyCount "61"]
[EventDate "2011.??.??"]
[WhiteTeam "Vandoeuvre"]
[BlackTeam "Tours de Haute Picardie"]

1. e4 e6 2. d4 d5 3. Nc3 Bb4 4. exd5 exd5 5. Bd3 Nc6 6. a3 Be7 7. Be3 Nf6 8. h3
Be6 9. Qf3 Na5 10. Nge2 c6 11. b3 Rc8 12. O-O O-O 13. Nf4 c5 14. dxc5 d4 15.
Rad1 dxe3 16. Bxh7+ Kxh7 17. Rxd8 exf2+ 18. Rxf2 Rfxd8 19. b4 Nc6 20. Nxe6 fxe6
21. Ne4 Nd4 22. Nxf6+ Bxf6 23. Qxb7 Nf5 24. g4 Rd1+ 25. Kg2 Nh4+ 26. Kg3 Rf8
27. Rxf6 Rxf6 28. Kxh4 Rd5 29. Kg3 Rd1 30. Qe4+ Kh6 31. g5+ 1-0

[Event "Interclubs Féminins"]
[Site "Bennwihr"]
[Date "2011.02.13"]
[Round "4.4"]
[White "Pierret, Aralia"]
[Black "Klipper, Rebecca"]
[Result "0-1"]
[WhiteElo "1760"]
[BlackElo "1978"]
[PlyCount "74"]
[EventDate "2011.??.??"]
[WhiteTeam "Tours de Haute Picardie"]
[BlackTeam "Vandoeuvre"]

1. e4 c5 2. Nf3 g6 3. g3 Bg7 4. Bg2 Nc6 5. O-O d6 6. d3 Bg4 7. Nbd2 Qd7 8. Re1
h5 9. h4 Nf6 10. c3 e5 11. Nf1 Nh7 12. Ne3 O-O 13. Nxg4 hxg4 14. Nh2 f5 15. f3
gxf3 16. Qxf3 Qe7 17. exf5 gxf5 18. Qh5 Qe8 19. Qxe8 Raxe8 20. Bd2 Nf6 21. Rf1
Nh5 22. Rf3 e4 23. dxe4 fxe4 24. Rxf8+ Bxf8 25. Nf1 d5 26. Re1 Nf6 27. Ne3 d4
28. Nf5 Re5 29. Nh6+ Bxh6 30. Bxh6 e3 31. Bf4 Re8 32. Bd6 Ne4 33. Bxe4 Rxe4 34.
Bxc5 Ne5 35. Rf1 e2 36. Re1 Nd3 37. Bxd4 Nxe1 0-1

[Event "Interclubs Féminins"]
[Site "Bennwihr"]
[Date "2011.02.13"]
[Round "4.1"]
[White "Kientzler-Guerlain, Isabelle"]
[Black "Nicoara, Malina"]
[Result "1/2-1/2"]
[WhiteElo "2030"]
[BlackElo "2118"]
[PlyCount "37"]
[EventDate "2011.??.??"]
[WhiteTeam "Bennwihr"]
[BlackTeam "Strasbourg"]

1. c4 e5 2. Nc3 Nc6 3. g3 g6 4. Bg2 Bg7 5. d3 d6 6. Nf3 Nf6 7. O-O O-O 8. Rb1
a5 9. a3 h6 10. Bd2 Be6 11. Qa4 Qd7 12. Rfc1 Bh3 13. Bh1 Ne8 14. b4 Nf6 15.
bxa5 Rxa5 16. Qb3 Ra7 17. Nb5 Ra6 18. Nc3 Ra7 19. Nb5 1/2-1/2

[Event "Interclubs Féminins"]
[Site "Bennwihr"]
[Date "2011.02.13"]
[Round "4.2"]
[White "Roos, Louise"]
[Black "Uhl, Sarah"]
[Result "1-0"]
[WhiteElo "1872"]
[BlackElo "1709"]
[PlyCount "63"]
[EventDate "2011.??.??"]
[WhiteTeam "Strasbourg"]
[BlackTeam "Bennwihr"]

1. e4 c5 2. Nf3 e6 3. d4 cxd4 4. Nxd4 d6 5. Be2 Nf6 6. Nc3 Be7 7. O-O O-O 8.
Be3 a6 9. f4 Nc6 10. Qe1 Qd7 11. Qg3 Kh8 12. Kh1 Rb8 13. Nxc6 Qxc6 14. e5 Ne8
15. Bd3 d5 16. f5 exf5 17. Bxf5 Bxf5 18. Rxf5 Rd8 19. Qf2 Qe6 20. Bd4 g6 21.
Rf3 Ng7 22. Re1 Nf5 23. Bc5 Bxc5 24. Qxc5 d4 25. Ne2 Rc8 26. Qa3 Qxe5 27. Qb4
b5 28. Ng1 Ne3 29. c3 Rcd8 30. cxd4 Nc2 31. Qxf8+ Rxf8 32. Rxe5 1-0

[Event "Interclubs Féminins"]
[Site "Bennwihr"]
[Date "2011.02.13"]
[Round "4.3"]
[White "Hild, Aurelia"]
[Black "Olguin, Monica"]
[Result "1/2-1/2"]
[WhiteElo "1590"]
[BlackElo "1870"]
[PlyCount "87"]
[EventDate "2011.??.??"]
[WhiteTeam "Bennwihr"]
[BlackTeam "Strasbourg"]

1. e4 e5 2. Nf3 Nf6 3. Nc3 Nc6 4. Bc4 Bc5 5. d3 h6 6. Be3 Bb6 7. Qd2 d6 8. h3
Bd7 9. Bb3 Qe7 10. Ne2 Na5 11. Ng3 Nxb3 12. axb3 Bxe3 13. Qxe3 a6 14. Nh4 Nd5
15. exd5 Qxh4 16. Qe4 Qxe4+ 17. dxe4 O-O 18. O-O f5 19. f3 f4 20. Ne2 Rf6 21.
Kh2 Raf8 22. Rf2 g5 23. Rh1 h5 24. Kg1 R8f7 25. Kf1 g4 26. hxg4 hxg4 27. Ke1 g3
28. Rff1 c6 29. Nc3 b5 30. b4 Be8 31. Rh4 Rh7 32. Rxh7 Kxh7 33. Rh1+ Rh6 34.
Rxh6+ Kxh6 35. Kd2 Kg5 36. Ke1 Bd7 37. Kf1 Kh4 38. dxc6 Bxc6 39. Ke1 Kg5 40.
Ke2 Kf6 41. Kd3 Ke6 42. b3 Bb7 43. Kd2 Bc8 44. Kd3 1/2-1/2

[Event "Interclubs Féminins"]
[Site "Bennwihr"]
[Date "2011.02.13"]
[Round "4.4"]
[White "Busch, Annette"]
[Black "Bogen, Fanny"]
[Result "1-0"]
[WhiteElo "1699"]
[BlackElo "1497"]
[PlyCount "125"]
[EventDate "2011.??.??"]
[WhiteTeam "Strasbourg"]
[BlackTeam "Bennwihr"]

1. d4 Nf6 2. Nf3 e6 3. Bf4 Bb4+ 4. c3 Be7 5. e3 b6 6. h3 Bb7 7. Bd3 d6 8. Bh2
Nbd7 9. Nbd2 Nd5 10. O-O Bg5 11. Nxg5 Qxg5 12. Nf3 Qf6 13. Qc2 e5 14. Be4 c6
15. Rad1 exd4 16. exd4 Nf4 17. Rfe1 Kf8 18. Qd2 d5 19. Qxf4 dxe4 20. Qxe4 b5
21. Ne5 Qe6 22. Nxd7+ Qxd7 23. Qf4 f6 24. Qd6+ Qxd6 25. Bxd6+ Kg8 26. Re7 Bc8
27. Rde1 h6 28. Rc7 Kh7 29. Ree7 Rg8 30. Rxc6 Bf5 31. Rcc7 a5 32. Rc5 Bd3 33.
Rcc7 b4 34. Bf4 bxc3 35. bxc3 Rab8 36. Rb7 Rbc8 37. Rbc7 Rb8 38. Rb7 Rbc8 39.
Rec7 Rce8 40. Be3 a4 41. a3 Be4 42. Rb4 Bc2 43. c4 f5 44. d5 Re4 45. c5 Rxb4
46. axb4 a3 47. Bd4 Bb3 48. d6 a2 49. d7 Rd8 50. c6 Be6 51. Ra7 Rf8 52. b5 f4
53. Bb6 Rf7 54. Ra8 Bxd7 55. cxd7 Rxd7 56. Rxa2 Rd1+ 57. Kh2 Rb1 58. Bc7 f3 59.
b6 fxg2 60. Kxg2 Rb5 61. Re2 Kg6 62. Re3 Rg5+ 63. Rg3 1-0

[Event "Interclubs Féminins"]
[Site "Bennwihr"]
[Date "2011.02.13"]
[Round "4.1"]
[White "Javakhishvili, Lela"]
[Black "Muzychuk, Anna"]
[Result "1/2-1/2"]
[WhiteElo "2438"]
[BlackElo "2529"]
[PlyCount "37"]
[EventDate "2011.??.??"]
[WhiteTeam "Bischwiller"]
[BlackTeam "Evry Grand Roque"]

1. d4 f5 2. c4 Nf6 3. g3 g6 4. Bg2 Bg7 5. Nf3 d6 6. O-O O-O 7. Nc3 Re8 8. Nd5
Nxd5 9. cxd5 Nd7 10. Ng5 Nb6 11. a4 c6 12. Ne6 Bxe6 13. dxe6 d5 14. Bf4 Nc4 15.
e3 Rc8 16. b3 Na5 17. Re1 b6 18. b4 Nc4 19. b5 1/2-1/2

[Event "Interclubs Féminins"]
[Site "Bennwihr"]
[Date "2011.02.13"]
[Round "4.2"]
[White "Milliet, Sophie"]
[Black "Maisuradze, Nino"]
[Result "1-0"]
[WhiteElo "2375"]
[BlackElo "2272"]
[PlyCount "76"]
[EventDate "2011.??.??"]
[WhiteTeam "Evry Grand Roque"]
[BlackTeam "Bischwiller"]

1. e4 c5 2. Nf3 Nc6 3. c3 Nf6 4. e5 Nd5 5. d4 cxd4 6. Bc4 Nb6 7. Bb3 d5 8. exd6
Qxd6 9. O-O d3 10. Na3 Bf5 11. Nb5 Qd8 12. Bf4 Rc8 13. Nfd4 Nxd4 14. Nxd4 Bg6
15. Re1 Nd7 16. Ba4 a6 17. Qf3 b5 18. Bb3 d2 19. Bxd2 Qc7 20. Bd5 e5 21. Nf5
Bxf5 22. Qxf5 f6 23. Qe6+ Kd8 24. Be3 Bd6 25. Rad1 Re8 26. Qf5 Nf8 27. c4 bxc4
28. Bxc4 Qxc4 29. Rxd6+ Ke7 30. Rb6 Red8 31. f4 Nd7 32. Rb7 g6 33. Qh3 h5 34.
Bc5+ Ke8 35. Qg3 Qc2 36. Qf3 Qc4 37. Rxe5+ Nxe5 38. Re7+ Kf8 1-0

[Event "Interclubs Féminins"]
[Site "Bennwihr"]
[Date "2011.02.13"]
[Round "4.3"]
[White "Bertrand, Helene"]
[Black "Guichard, Pauline"]
[Result "0-1"]
[WhiteElo "1896"]
[BlackElo "2292"]
[PlyCount "54"]
[EventDate "2011.??.??"]
[WhiteTeam "Bischwiller"]
[BlackTeam "Evry Grand Roque"]

1. e4 c5 2. Nf3 e6 3. d4 cxd4 4. Nxd4 Nc6 5. Be3 Nf6 6. Nc3 Bb4 7. f3 O-O 8. a3
Bxc3+ 9. bxc3 d5 10. Nxc6 bxc6 11. e5 Nd7 12. f4 f6 13. exf6 Qxf6 14. Qd2 e5
15. fxe5 Nxe5 16. Be2 Bg4 17. Rf1 Qh4+ 18. Bf2 Qe7 19. h3 Nc4 20. Qd3 Bxe2 21.
Qxe2 Qg5 22. h4 Qh6 23. Be3 Nxe3 24. Rxf8+ Rxf8 25. Kd2 Nc4+ 26. Ke1 Qxh4+ 27.
Kd1 Qh1+ 0-1

[Event "Interclubs Féminins"]
[Site "Bennwihr"]
[Date "2011.02.13"]
[Round "4.4"]
[White "Roumegous, Marina"]
[Black "Fischer, Julie"]
[Result "1/2-1/2"]
[WhiteElo "2146"]
[BlackElo "1788"]
[PlyCount "63"]
[EventDate "2011.??.??"]
[WhiteTeam "Evry Grand Roque"]
[BlackTeam "Bischwiller"]

1. d4 Nf6 2. Bg5 Ne4 3. Bf4 c5 4. f3 Qa5+ 5. c3 Nf6 6. d5 d6 7. e4 Nbd7 8. Nd2
g6 9. Nc4 Qc7 10. a4 b6 11. Bd3 Bg7 12. Ne2 Nh5 13. Be3 Ne5 14. Nxe5 dxe5 15.
Bb5+ Bd7 16. Qd2 O-O 17. g4 Nf6 18. Ng3 Bxb5 19. axb5 c4 20. Ra4 Ne8 21. O-O
Nd6 22. Rb4 Qd7 23. Qc2 e6 24. Rd1 Qe7 25. dxe6 fxe6 26. Kg2 Rad8 27. Qe2 Qf6
28. Ra1 Rf7 29. Rf1 Rfd7 30. Ra1 Rf7 31. Rf1 Rfd7 32. Ra1 1/2-1/2

[Event "Interclubs Féminins"]
[Site "Bennwihr"]
[Date "2011.02.13"]
[Round "5.1"]
[White "Muzychuk, Anna"]
[Black "Congiu, Mathilde"]
[Result "1-0"]
[WhiteElo "2529"]
[BlackElo "2242"]
[PlyCount "63"]
[EventDate "2011.??.??"]
[WhiteTeam "Evry Grand Roque"]
[BlackTeam "Vandoeuvre"]

1. e4 d5 2. exd5 Qxd5 3. Nc3 Qa5 4. d4 Nf6 5. Nf3 c6 6. Bc4 Bf5 7. Bd2 e6 8.
Nd5 Qd8 9. Nxf6+ gxf6 10. c3 Nd7 11. Qe2 Qc7 12. Nh4 Bg6 13. f4 O-O-O 14. f5
exf5 15. O-O-O c5 16. d5 f4 17. Bd3 c4 18. Bf5 Bd6 19. Rhf1 Kb8 20. Kc2 Nb6 21.
Bc1 Qd7 22. Qg4 Qa4+ 23. Kb1 Qb5 24. Qf3 Be5 25. Bxf4 Nxd5 26. a4 Bxf5+ 27.
Nxf5 Qc5 28. Bg3 Nb6 29. Nh6 Nxa4 30. Qxf6 Rde8 31. Bxe5+ Qxe5 32. Rd8+ 1-0

[Event "Interclubs Féminins"]
[Site "Bennwihr"]
[Date "2011.02.13"]
[Round "5.2"]
[White "Chulivska, Vita"]
[Black "Milliet, Sophie"]
[Result "0-1"]
[WhiteElo "2223"]
[BlackElo "2375"]
[PlyCount "83"]
[EventDate "2011.??.??"]
[WhiteTeam "Vandoeuvre"]
[BlackTeam "Evry Grand Roque"]

1. e4 d6 2. d4 Nf6 3. Nc3 e5 4. dxe5 dxe5 5. Qxd8+ Kxd8 6. Bc4 Ke8 7. Nf3 Bd6
8. Bg5 Nbd7 9. O-O-O a6 10. a3 h6 11. Bh4 b5 12. Bb3 Rb8 13. Bg3 Bb7 14. Rhe1
Kf8 15. Nd5 Nxd5 16. Bxd5 g6 17. Bxb7 Rxb7 18. Rd5 f6 19. Nd2 Ke7 20. Nb3 Nb6
21. Rd3 Nc4 22. f3 a5 23. Bf2 a4 24. Nc5 Rb6 25. Red1 Rc6 26. Nb7 Rb8 27. Nxd6
Nxd6 28. Rd5 b4 29. axb4 Rxb4 30. Bc5 Rc4 31. Bxd6+ cxd6 32. R1d2 f5 33. exf5
gxf5 34. Kb1 Ke6 35. Ra5 h5 36. b3 R6c5 37. Ra8 Rc8 38. Ra6 R8c6 39. Ra8 Rc8
40. Ra5 R8c5 41. Rxc5 Rxc5 42. Ka2 0-1

[Event "Interclubs Féminins"]
[Site "Bennwihr"]
[Date "2011.02.13"]
[Round "5.3"]
[White "Guichard, Pauline"]
[Black "Steil-Antoni, Fiona"]
[Result "1-0"]
[WhiteElo "2292"]
[BlackElo "2118"]
[PlyCount "49"]
[EventDate "2011.??.??"]
[WhiteTeam "Evry Grand Roque"]
[BlackTeam "Vandoeuvre"]

1. d4 d5 2. c4 dxc4 3. e3 Nf6 4. Bxc4 e6 5. Nf3 c5 6. Nc3 a6 7. Bb3 Nc6 8. d5
exd5 9. Nxd5 Be6 10. e4 Nxe4 11. O-O Be7 12. Bf4 Rc8 13. Re1 Nf6 14. Nxe7 Kxe7
15. Bxe6 fxe6 16. Qe2 Qd5 17. Rad1 Nd4 18. Nxd4 cxd4 19. Rxd4 Qxa2 20. Bd6+ Kf7
21. Be5 Rhd8 22. Bxf6 Kxf6 23. Qf3+ Ke7 24. Qxb7+ Ke8 25. Rf4 1-0

[Event "Interclubs Féminins"]
[Site "Bennwihr"]
[Date "2011.02.13"]
[Round "5.4"]
[White "Klipper, Rebecca"]
[Black "Roumegous, Marina"]
[Result "0-1"]
[WhiteElo "1978"]
[BlackElo "2146"]
[PlyCount "72"]
[EventDate "2011.??.??"]
[WhiteTeam "Vandoeuvre"]
[BlackTeam "Evry Grand Roque"]

1. d4 e6 2. Nf3 c5 3. e3 Nf6 4. Bd3 b6 5. Nbd2 Bb7 6. Qe2 Be7 7. c3 O-O 8. O-O
d6 9. e4 cxd4 10. cxd4 Nbd7 11. b3 a6 12. Bb2 Re8 13. h3 Nf8 14. Nh2 Ng6 15. f4
e5 16. g3 exd4 17. Bxd4 Bf8 18. Qf2 b5 19. Rfe1 Nd7 20. Rac1 Rc8 21. Bb1 Rc7
22. Nhf3 Qc8 23. Rcd1 Nc5 24. f5 Ne5 25. Nxe5 dxe5 26. Be3 Rd8 27. Qe2 Qa8 28.
Bf2 Rcd7 29. Bxc5 Bxc5+ 30. Kh2 Bb4 31. Nf3 Bxe1 32. Rxd7 Bxg3+ 33. Kxg3 Rxd7
34. Bd3 f6 35. a4 Rxd3 36. Qxd3 Bxe4 0-1

[Event "Interclubs Féminins"]
[Site "Bennwihr"]
[Date "2011.02.13"]
[Round "5.1"]
[White "Nicoara, Malina"]
[Black "Javakhishvili, Lela"]
[Result "0-1"]
[WhiteElo "2118"]
[BlackElo "2438"]
[PlyCount "78"]
[EventDate "2011.??.??"]
[WhiteTeam "Strasbourg"]
[BlackTeam "Bischwiller"]

1. d4 c5 2. d5 g6 3. c4 Bg7 4. Nc3 Bxc3+ 5. bxc3 f5 6. Qa4 Nf6 7. f3 O-O 8. Bh6
Re8 9. Nh3 d6 10. g3 Nbd7 11. Nf4 Ne5 12. h4 Bd7 13. Qb3 Qa5 14. a4 Qa6 15. h5
Qxc4 16. Qxc4 Nxc4 17. hxg6 hxg6 18. Nxg6 Kf7 19. Nf4 Rh8 20. Bg2 Ne3 21. Kf2
Nexd5 22. Nxd5 Nxd5 23. Bd2 Nf6 24. Rxh8 Rxh8 25. a5 Bc6 26. Rb1 Nd7 27. c4 e5
28. e4 fxe4 29. fxe4 Nf6 30. Ke3 Rg8 31. Be1 Rg4 32. Bf3 Bxe4 33. Rb2 Bxf3 34.
Kxf3 Rxc4 35. Rxb7+ Ke6 36. Rxa7 e4+ 37. Ke2 Ra4 38. Ra8 Ra2+ 39. Ke3 Nd5+ 0-1

[Event "Interclubs Féminins"]
[Site "Bennwihr"]
[Date "2011.02.13"]
[Round "5.2"]
[White "Maisuradze, Nino"]
[Black "Olguin, Monica"]
[Result "1-0"]
[WhiteElo "2272"]
[BlackElo "1870"]
[PlyCount "65"]
[EventDate "2011.??.??"]
[WhiteTeam "Bischwiller"]
[BlackTeam "Strasbourg"]

1. d4 d5 2. c4 e6 3. Nc3 Nf6 4. Bg5 Be7 5. cxd5 Nxd5 6. Bxe7 Qxe7 7. e4 Nxc3 8.
bxc3 O-O 9. Nf3 b6 10. Bd3 Bb7 11. O-O Nd7 12. Re1 Rad8 13. Qa4 a5 14. Rad1 h6
15. Qb3 Rfe8 16. Bb5 c6 17. Bd3 c5 18. Bb5 Rb8 19. Ne5 Nxe5 20. Bxe8 Nf3+ 21.
gxf3 Qg5+ 22. Kh1 Qf4 23. c4 Rxe8 24. dxc5 bxc5 25. Qxb7 Qxf3+ 26. Kg1 Qg4+ 27.
Kf1 Qh3+ 28. Ke2 Qg4+ 29. f3 Qg2+ 30. Ke3 Qg5+ 31. Kf2 Qh4+ 32. Kg2 Qg5+ 33.
Kh1 1-0

[Event "Interclubs Féminins"]
[Site "Bennwihr"]
[Date "2011.02.13"]
[Round "5.4"]
[White "Fischer, Julie"]
[Black "Busch, Annette"]
[Result "1-0"]
[WhiteElo "1788"]
[BlackElo "1699"]
[PlyCount "53"]
[EventDate "2011.??.??"]
[WhiteTeam "Bischwiller"]
[BlackTeam "Strasbourg"]

1. e4 c5 2. Nf3 e6 3. d4 cxd4 4. Nxd4 Nf6 5. Nc3 d6 6. Be3 a6 7. a4 Be7 8. Be2
Nc6 9. O-O O-O 10. Kh1 Bd7 11. f4 Nxd4 12. Bxd4 Bc6 13. Bf3 Qc7 14. a5 Nd7 15.
Qe2 e5 16. Be3 exf4 17. Bxf4 Ne5 18. Nd5 Bxd5 19. exd5 Bf6 20. c3 Rfe8 21. Qc2
Qc4 22. Be4 h6 23. b3 Qc7 24. Bxh6 Qe7 25. Bf4 Rac8 26. Rae1 Qd7 27. Bf5 1-0